000 00696nam a2200265Ia 4500
005 20260121173647.0
008 008 260114s9999 xx 000 0 eng d
020 _a9783319114965
037 _aEBOOK
040 _aCRL
040 _beng
040 _cCRL
041 _2eng
041 _aeng
084 _qCRL
100 _aMaria Juan-Garau Joana Salazar-Noguera
_91103621
245 0 _aContent-based Language Learning in Multilingual Educational Environments
260 _bSpringer
260 _bSpringer
260 _c2015
856 _uhttps://link.springer.com/openurl?genre=book&isbn=978-3-319-11496-5
942 _cEBOOK
999 _c1669369
_d1669369